[Event "ICS rated blitz match"]
[Site "204.178.125.65"]
[Date "1999.11.16"]
[Round "?"]
[White "SharpShooter"]
[Black "Hossa"]
[Result "1-0"]
[WhiteElo "2651"]
[BlackElo "2447"]
[PlyCount "85"]
[EventDate "1999.??.??"]

1. e4 c5 2. Nc3 Nc6 3. f4 g6 4. Nf3 Bg7 5. Bc4 d6 6. O-O a6 7. e5 Bf5 8. g4
Bxg4 9. Bxf7+ Kxf7 10. Ng5+ Ke8 11. Qxg4 Nh6 12. Qg2 Qd7 13. e6 Bd4+ 14. Kh1
Qc8 15. Nd5 c4 16. c3 Bc5 17. Nxh7 Rxh7 18. Qxg6+ Kd8 19. f5 Rh8 20. d4 cxd3
21. Bxh6 Ne5 22. Qg7 Re8 23. Bg5 Qc6 24. Bxe7+ Kc8 25. Qg2 Bb6 26. f6 Rh8 27.
f7 Ng6 28. Nxb6+ Qxb6 29. Qxg6 Kc7 30. Qxd3 Qc6+ 31. Qf3 Rh6 32. Bd8+ Rxd8 33.
Qxc6+ bxc6 34. e7 Rdh8 35. Rf2 Re6 36. f8=Q Reh6 37. e8=Q Rxf8 38. Rxf8 Rxh2+
39. Kxh2 c5 40. Rf7+ Kb6 41. Qb8+ Ka5 42. a4 d5 43. Qd8# {Hossa checkmated} 1-0

[Event "ICS rated blitz match"]
[Site "204.178.125.65"]
[Date "1999.11.16"]
[Round "?"]
[White "Hossa"]
[Black "MissSilicon"]
[Result "0-1"]
[WhiteElo "2439"]
[BlackElo "2644"]
[PlyCount "238"]
[EventDate "1999.??.??"]

1. e4 e6 2. d4 d5 3. Nc3 Bb4 4. a3 Bxc3+ 5. bxc3 dxe4 6. Qg4 Nf6 7. Qxg7 Rg8 8.
Qh6 Rg6 9. Qd2 c5 10. Ne2 Nbd7 11. Nf4 Rg8 12. Be2 Qc7 13. f3 e5 14. dxe5 Nxe5
15. Qe3 Bf5 16. fxe4 Bxe4 17. Bb5+ Ke7 18. O-O Rad8 19. Qe2 Qa5 20. Ra2 Qb6 21.
Rb2 Qc7 22. Bd3 Qc6 23. Re1 Kf8 24. Bxe4 Qxe4 25. Qxe4 Nxe4 26. Kf1 Nc4 27.
Rxe4 Nxb2 28. Bxb2 Rd1+ 29. Kf2 f5 30. Re5 Rb1 31. Nd3 c4 32. Re1 Rxe1 33. Nxe1
Ke7 34. Bc1 Ke6 35. Nf3 a6 36. Bf4 Kd5 37. Nd4 Ke4 38. g3 Re8 39. a4 h5 40. a5
h4 41. Bc7 Re7 42. Bb6 hxg3+ 43. hxg3 f4 44. gxf4 Kxf4 45. Nf3 Ke4 46. Nd2+ Kd5
47. Nf1 Rf7+ 48. Kg2 Kc6 49. Ng3 Rf8 50. Ne2 Kd5 51. Nd4 Rf7 52. Kg1 Ke4 53.
Ne6 Re7 54. Nd8 Rd7 55. Kf2 Ke5 56. Ke3 Kf5 57. Kf3 Rh7 58. Bf2 Rd7 59. Bh4 Rh7
60. Kg3 Rg7+ 61. Kf2 Kg4 62. Bg3 Rd7 63. Ne6 Rf7+ 64. Kg2 Rf3 65. Bc7 Rxc3 66.
Nd4 Re3 67. Kf2 Re7 68. Bb6 Re8 69. c3 Kf4 70. Nc2 Ke4 71. Ke2 Rh8 72. Na3 Kd5
73. Nb1 Rh2+ 74. Kd1 Ke4 75. Bc7 Rg2 76. Bd6 Rb2 77. Kc1 Re2 78. Na3 Kd3 79.
Bb4 Re1+ 80. Kb2 Re8 81. Nb1 Re2+ 82. Ka3 Kc2 83. Ka2 Rh2 84. Na3+ Kd2 85.
Nxc4+ Kc2 86. Nd6 Rh7 87. c4 Re7 88. Bc5 Rc7 89. Bb6 Rd7 90. c5 Rg7 91. Nf5 Rg6
92. Bd8 Rg8 93. Be7 Kd3 94. Nd6 Kc2 95. Bf6 Rg4 96. Bb2 Rb4 97. Ba3 Rb3 98. Nf5
Kc3 99. Ne7 Rb5 100. c6 bxc6 101. Nxc6 Kc4 102. Bc1 Rc5 103. Ne7 Rxa5+ 104. Kb2
Rb5+ 105. Kc2 a5 106. Bf4 a4 107. Nc8 Rc5 108. Ne7 a3 109. Bd6 a2 110. Kb2 Ra5
111. Ka1 Kb3 112. Nc6 Rd5 113. Na5+ Rxa5 114. Bc5 Ra4 115. Bd4 Rc4 116. Bb2 Rf4
117. Bc1 Rh4 118. Be3 Rh1+ 119. Bc1 119... Rxc1# {Hossa checkmated} 0-1

[Event "ICS rated blitz match"]
[Site "204.178.125.65"]
[Date "1999.11.16"]
[Round "?"]
[White "Hossa"]
[Black "mkarp"]
[Result "1-0"]
[WhiteElo "2438"]
[BlackElo "2216"]
[PlyCount "45"]
[EventDate "1999.??.??"]

1. e4 c5 2. Nc3 Nc6 3. f4 e6 4. Nf3 d6 5. d4 cxd4 6. Nxd4 Nf6 7. Nxc6 bxc6 8.
Bd3 d5 9. e5 Nd7 10. Be3 Bc5 11. Bxc5 Nxc5 12. Rb1 Nxd3+ 13. cxd3 O-O 14. O-O
Qa5 15. b4 Qb6+ 16. d4 a5 17. b5 cxb5 18. Nxb5 a4 19. Nd6 Qa7 20. Rb4 Bd7 21.
Rb7 Qa5 22. Rxd7 a3 23. f5 {mkarp resigns} 1-0

[Event "ICS rated blitz match"]
[Site "204.178.125.65"]
[Date "1999.11.16"]
[Round "?"]
[White "mkarp"]
[Black "Hossa"]
[Result "0-1"]
[WhiteElo "2196"]
[BlackElo "2458"]
[PlyCount "50"]
[EventDate "1999.??.??"]

1. e4 e6 2. d4 d5 3. e5 c5 4. c3 Nc6 5. Nf3 Nge7 6. Bd3 Ng6 7. h4 c4 8. Bc2 Be7
9. h5 Nf8 10. h6 g6 11. g4 Nd7 12. g5 b5 13. b4 a5 14. bxa5 Qxa5 15. Kf1 b4 16.
cxb4 Nxb4 17. Bd2 O-O 18. Bc3 Qb6 19. a3 Nxc2 20. Qxc2 Bb7 21. Qd2 Qb3 22. Nh2
Nxe5 23. dxe5 d4 24. Qxd4 Rfd8 25. Nd2 25... Qc2 {mkarp resigns} 0-1

[Event "ICS rated blitz match"]
[Site "204.178.125.65"]
[Date "1999.11.16"]
[Round "?"]
[White "Hossa"]
[Black "MissSilicon"]
[Result "0-1"]
[WhiteElo "2464"]
[BlackElo "2641"]
[PlyCount "84"]
[EventDate "1999.??.??"]

1. e4 c5 2. Nc3 Nc6 3. f4 Qc7 4. g3 d6 5. Bg2 Nf6 6. d3 g6 7. Nf3 Bg7 8. h3 O-O
9. g4 e5 10. fxe5 dxe5 11. Rf1 Be6 12. Bd2 Rad8 13. Ng5 Bd7 14. Nd5 Nxd5 15.
exd5 Ne7 16. c4 f5 17. gxf5 Nxf5 18. a4 Nd4 19. Rxf8+ Rxf8 20. Ne4 Qc8 21. Be3
Bxh3 22. Bxd4 Bxg2 23. Bf2 Qh3 24. Ng3 e4 25. dxe4 Bd4 26. Nf5 Bxb2 27. Bxc5
gxf5 28. Qe2 Bc3+ 29. Kf2 fxe4+ 30. Bxf8 Bd4+ 31. Ke1 Qc3+ 32. Kd1 Qxa1+ 33.
Kc2 Qb2+ 34. Kd1 Qb1+ 35. Kd2 e3+ 36. Qxe3 Qb2+ 37. Kd3 Qc3+ 38. Ke2 Qxe3+ 39.
Kd1 Qd3+ 40. Ke1 Qc3+ 41. Ke2 Bf3+ 42. Kf1 42... Qa1# {Hossa checkmated} 0-1

[Event "ICS rated bullet match"]
[Site "204.178.125.65"]
[Date "1999.11.16"]
[Round "?"]
[White "Hossa"]
[Black "bizarre"]
[Result "0-1"]
[WhiteElo "2491"]
[BlackElo "2187"]
[PlyCount "144"]
[EventDate "1999.??.??"]

1. e4 e6 2. d4 d5 3. Nd2 Nc6 4. exd5 exd5 5. Ngf3 Bd6 6. Be2 Nf6 7. O-O O-O 8.
c4 Re8 9. c5 Bf8 10. Re1 Bg4 11. Rb1 Bf5 12. Ra1 Nb4 13. Bb5 c6 14. Rxe8 Qxe8
15. Ba4 Nd3 16. Ng5 Nxc1 17. Rxc1 h6 18. Ngf3 Ne4 19. Nxe4 Bxe4 20. Qb3 Qd7 21.
Ne5 Qc7 22. Re1 f6 23. Rxe4 fxe5 24. Rxe5 Bxc5 25. Rxd5 cxd5 26. Qxd5+ Kh8 27.
Qxc5 Qxc5 28. dxc5 Rd8 29. b4 Rd2 30. Bb3 Rd4 31. b5 Re4 32. f4 Rxf4 33. c6
bxc6 34. bxc6 Rf5 35. Bc2 Rc5 36. Be4 g5 37. h3 Kg7 38. Kh2 Kf6 39. Bf3 Ke5 40.
Kg3 Rc4 41. Kh2 Kd6 42. g4 a5 43. Kg3 a4 44. h4 a3 45. hxg5 hxg5 46. Bh1 Rc2
47. c7 Rxc7 48. Be4 Rc3+ 49. Kf2 Ke5 50. Bg6 Kf4 51. Bf5 Rf3+ 52. Kg2 Rg3+ 53.
Kf2 Rxg4 54. Be6 Rg3 55. Bf7 Rc3 56. Ke2 g4 57. Bd5 g3 58. Kf1 Rc2 59. Kg1 g2
60. Kh2 Ke3 61. Kg1 Rd2 62. Bc6 Kf4 63. Kh2 Ke3 64. Kg1 Rxa2 65. Bd5 Rb2 66.
Kh2 a2 67. Bxg2 a1=Q 68. Kg3 Qa5 69. Kh3 Qg5 70. Bf1 Kf2 71. Kh2 Qg3+ 72. Kh1
72... Qg1# {Hossa checkmated} 0-1

[Event "ICS rated blitz match"]
[Site "204.178.125.65"]
[Date "1999.11.16"]
[Round "?"]
[White "ekw"]
[Black "Hossa"]
[Result "0-1"]
[WhiteElo "2243"]
[BlackElo "2456"]
[PlyCount "96"]
[EventDate "1999.??.??"]

1. e4 c5 2. Nf3 e6 3. d4 cxd4 4. Nxd4 a6 5. Nc3 Qc7 6. Bd3 Nc6 7. Nb3 Nf6 8.
Qe2 Bd6 9. g3 Nb4 10. f4 Nxd3+ 11. cxd3 Be7 12. Bd2 d5 13. e5 Nd7 14. Rc1 Qd8
15. Be3 O-O 16. O-O a5 17. Nb5 a4 18. Nc5 Kh8 19. Qf2 Nb8 20. Qc2 Nc6 21. Nxa4
Nb4 22. Qb3 Bd7 23. Nac3 Nxd3 24. Rcd1 Nc5 25. Qc2 Bxb5 26. Nxb5 Ne4 27. a3 Rc8
28. Qe2 Qd7 29. Nd4 Bc5 30. Kg2 Bxd4 31. Bxd4 Qa4 32. Qd3 Qc2+ 33. Qxc2 Rxc2+
34. Kg1 Rfc8 35. f5 exf5 36. Rxf5 Kg8 37. b3 Rd2 38. Rxd2 Nxd2 39. b4 Ra8 40.
e6 fxe6 41. Rf2 Nc4 42. Bc5 b5 43. Re2 e5 44. Kg2 Rxa3 45. Rf2 Ra8 46. h4 h5
47. Kh3 d4 48. g4 48... d3 {ekw resigns} 0-1

[Event "ICS rated blitz match"]
[Site "204.178.125.65"]
[Date "1999.11.16"]
[Round "?"]
[White "Hossa"]
[Black "darthweber"]
[Result "1-0"]
[WhiteElo "2463"]
[BlackElo "2227"]
[PlyCount "109"]
[EventDate "1999.??.??"]

1. e4 c5 2. Nf3 d6 3. Bb5+ Bd7 4. Bxd7+ Qxd7 5. c4 Nc6 6. d4 cxd4 7. Nxd4 Nf6
8. Nc3 g6 9. Bg5 Bg7 10. Nde2 O-O 11. O-O Qe6 12. Bxf6 Bxf6 13. Qd5 Rfc8 14.
Rac1 Qxd5 15. exd5 Ne5 16. b3 a6 17. Rfd1 Rc7 18. f4 Nd7 19. a4 Nc5 20. Rb1
Rac8 21. g4 Bg7 22. Kg2 Nd7 23. Ne4 h6 24. Rd3 Nf6 25. Nxf6+ Bxf6 26. Rh3 Kg7
27. Re3 Rc5 28. Ng3 R5c7 29. Ne4 Bd4 30. Re2 f5 31. gxf5 gxf5 32. Rd1 fxe4 33.
Rxd4 Rf8 34. Rdxe4 Rf7 35. Kf3 Rc8 36. Rxe7 Rcf8 37. R2e6 Rxe7 38. Rxe7+ Kg6
39. Rxb7 Rf6 40. Ra7 Kf5 41. Rxa6 h5 42. Ra8 Rf7 43. Rb8 Re7 44. Rf8+ Kg6 45.
Rd8 Re1 46. Rxd6+ Kf7 47. Rb6 Rc1 48. Ke4 Re1+ 49. Kf5 Rb1 50. Kg5 Ke7 51. h4
Rg1+ 52. Kxh5 Rf1 53. Kg4 Rg1+ 54. Kf5 Re1 55. Re6+ {darthweber resigns} 1-0

[Event "ICS rated blitz match"]
[Site "204.178.125.65"]
[Date "1999.11.16"]
[Round "?"]
[White "Hossa"]
[Black "darthweber"]
[Result "1-0"]
[WhiteElo "2482"]
[BlackElo "2205"]
[Annotator "Hiarcs 7.32 (22s)"]
[PlyCount "35"]
[EventDate "1999.??.??"]

1. e4 1... g6 {Opening = B06 - 1.e4 g6} 2. d4 Bg7 3. Bc4 c6 4. Nc3 d6 5. Bg5 (
5. Nge2 Nf6 6. Bb3 (6. f3 O-O 7. Be3 e5 8. dxe5 dxe5 9. Qxd8 Rxd8 10. Kf2 b5
11. Bb3 Bb7 12. Rhd1 Nbd7 13. Rd2 Bf8 14. Rad1 Be7 15. Nc1 Nb6 16. Nd3 Nfd7 17.
Nc5 Nxc5 18. Rxd8+ Rxd8 19. Rxd8+ Bxd8 20. Bxc5 a6 21. Bd6 Nd7 22. Nd1 Bb6+ 23.
Ne3 Kg7 24. Ke2 Bc5 25. Bxc5 Nxc5 26. c3 Bc8 27. Nc2 a5 28. Ne1 Nxb3 29. axb3
Be6 30. b4 axb4 31. cxb4 f5 32. Nd3 Bc4 33. g4 fxg4 34. fxg4 g5 35. Kd2 Bxd3
36. Kxd3 Kf6 37. Kc3 h5 38. h3 hxg4 39. hxg4 Ke6 40. Kb3 Kd6 41. Kc3 Kc7 42.
Kd3 Kb7 43. Kc3 Kb6 44. Kd3 c5 45. b3 cxb4 46. Ke3 {
1/2-1/2 Hiss,N-Ruspini,R/JBL NW95/96 1995 (46)}) 6... O-O 7. f3 e5 8. Be3 b5 9.
a3 Nbd7 10. d5 cxd5 11. Bxd5 Nxd5 12. Qxd5 Nb6 13. Qxb5 Rb8 14. Qd3 Be6 15. b3
d5 16. exd5 Nxd5 17. Nxd5 Qxd5 18. Qxd5 Bxd5 19. Bxa7 Ra8 20. Be3 e4 21. Kf2
exf3 22. gxf3 Bxa1 23. Rxa1 Rfc8 24. Ra2 Ra5 25. a4 Ba8 26. Ng3 Rc3 27. Ne4
Bxe4 28. fxe4 Rh5 29. Bf4 Rhc5 30. b4 Rxc2+ 31. Rxc2 Rxc2+ 32. Ke3 Kf8 33. Kd3
Rf2 34. Bg3 Rf3+ 35. Kc4 Ke7 36. a5 Kd7 37. Kb5 f5 38. exf5 gxf5 39. a6 f4 40.
Bxf4 Rxf4 41. a7 Rf8 42. Kb6 Kd6 43. h4 h5 44. Kb7 Rf7+ 45. Ka6 Rf8 46. Kb7
Rf7+ 47. Ka6 47... Rf8 {
1/2-1/2 Khuseinov,A-Iordachescu,V/Moscow olm 1994/EXP 44 (47)}) 5... h6 $16 (
5... Qb6 6. Nge2 $14) 6. Bh4 $11 (6. Be3 $5 $16 $142) 6... Qa5 $14 (6... Qb6 7.
Nge2 7... g5 $14) 7. Nge2 Nf6 8. O-O 8... O-O {
Schwarz hat Entwicklungsnachteil.} 9. Bb3 e5 10. dxe5 dxe5 11. Qd6 $11 (11. Qd3
$5 $14 {muss geprueft werden}) 11... Rd8 12. Qe7 Rd7 13. Bxf7+ Kh7 14. Qe6
14... Rd8 $18 (14... Qc7 15. Bxg6+ {Weiss muss Material zurueckgeben} 15...
Kxg6 16. Qf5+ Kf7 17. Bxf6 Bxf6 18. Qh7+ Kf8 19. Qxh6+ 19... Bg7 $11) 15. Qb3
Na6 16. f4 exf4 17. Bxf6 $1 {die Entscheidung} 17... Bxf6 18. Nxf4 (18. Nxf4 g5
19. Bg6+ Kh8 20. Nh5 Bd4+ 21. Kh1 $18) 1-0

[Event "ICS rated blitz match"]
[Site "204.178.125.65"]
[Date "1999.11.16"]
[Round "?"]
[White "darthweber"]
[Black "Hossa"]
[Result "0-1"]
[WhiteElo "2200"]
[BlackElo "2487"]
[Annotator "Hiarcs 7.32 (22s)"]
[PlyCount "52"]
[EventDate "1999.??.??"]

1. e4 1... c5 {Opening = 5.Bd3 Nf6} 2. Nf3 e6 3. d4 cxd4 4. Nxd4 a6 5. Bd3 Nf6
6. c4 6... d5 $146 (6... Qb6 7. Nb3 Nc6 8. Bf4 (8. Nc3 Ne5 9. O-O Nxd3 10. Qxd3
d6 11. Be3 Qc6 12. Rfd1 Nd7 13. Bf4 e5 14. Be3 Be7 15. Nd5 Bd8 16. Rac1 b6 17.
Nb4 Qc7 18. Nd5 Qc6 19. Nb4 19... Qc7 {
1/2-1/2 Pick,S-Sandor,T/Dortmund op 1988/TD 88\03 (19)}) 8... d6 9. Nc3 Ne5 10.
O-O Qc7 11. Rc1 b6 12. Qd2 Be7 13. Rfd1 O-O 14. Bf1 Bb7 15. f3 Rac8 16. Qf2
Nfd7 17. Nd4 Qb8 18. b3 Rfe8 19. Kh1 Bd8 20. Be3 Nf6 21. Qd2 Bc7 22. b4 Ned7
23. b5 a5 24. Nc6 Qa8 25. Bf4 h6 26. Bxd6 Bxd6 27. Qxd6 Bxc6 28. e5 Nxe5 29.
Qxe5 Bd7 30. Rd6 Rc5 31. Qe3 Qb8 32. Rcd1 Nd5 33. Nxd5 exd5 34. Qxc5 bxc5 35.
Rxd7 d4 36. Bd3 Qc8 37. Rd5 g6 38. g3 Qc7 39. Kg2 Re3 40. Bf1 a4 41. Rb1 Qb6
42. Rb2 a3 43. Rf2 Kg7 44. f4 f5 45. h3 Qc7 46. Kh2 h5 47. h4 Qa5 48. Kg2 Qc3
49. b6 Rxg3+ 50. Kh2 50... Qe3 {
0-1 Olesen,M-Cramling,P/Rilton Cup 1995/EXP 45 (50)}) (6... Nc6 7. Be3 $11) 7.
cxd5 {Weiss engt den Gegner ein} 7... exd5 8. e5 Ne4 9. O-O Nc5 10. Bc2 Ne6 11.
Nc3 Nxd4 12. Qxd4 {Nimmt den isolierten Bauern d5 ins Visier} 12... Be6 {
Schwarz muss dringend die Entwicklung vorantreiben.} 13. f4 $11 (13. Be3 Nc6
14. Qf4 14... Qa5 $14) 13... Nc6 14. Qf2 {Weiss plant f5} 14... d4 15. Ne4
15... Be7 $14 (15... d3 16. Bb1 $11) 16. f5 Bc4 17. Qg3 $17 (17. Rd1 $14 $142 {
sieht noch spielbar aus}) 17... Bxf1 $14 (17... d3 $142 18. Ba4 Qd4+ 19. Nf2
19... d2 $17) 18. Qxg7 {Schwarz kann nicht kurz rochieren} 18... Rf8 $14 (18...
Kd7 19. Kxf1 19... Qf8 $14) 19. Bh6 Qb6 20. Nf6+ Kd8 21. Nd5 Qc5 22. Nxe7 Kxe7
23. Qf6+ {Weiss bereitet e6 vor} 23... Kd7 24. Bxf8 $4 $19 {
gibt den Vorteil aus der Hand} (24. Kxf1 $142 {
war die einzige Moeglichkeit, noch zu kaempfen} 24... Nxe5 25. Bxf8 Rxf8 26.
Rd1 $14) 24... Rxf8 25. Kxf1 (25. e6+ $142 25... fxe6 26. Qg7+ Ke8 27. Be4 $19)
25... Qxc2 26. e6+ Kc7 (26... Kc7 27. Re1 27... d3 $19) 0-1

[Event "ICS rated blitz match"]
[Site "204.178.125.65"]
[Date "1999.11.16"]
[Round "?"]
[White "Hossa"]
[Black "darthweber"]
[Result "1-0"]
[WhiteElo "2492"]
[BlackElo "2195"]
[Annotator "Hiarcs 7.32 (22s)"]
[PlyCount "106"]
[EventDate "1999.??.??"]

1. e4 1... c5 {Opening = B52 - 3.Bb5 Bd7} 2. Nf3 d6 3. Bb5+ Bd7 4. Bxd7+ Qxd7
5. c4 Nf6 (5... g6 6. d4 cxd4 7. Nxd4 Bg7 8. O-O Nc6 9. Ne2 Ne5 10. Nbc3 Nxc4
11. b3 Nb6 12. a4 Qd8 13. Be3 Nf6 14. Rc1 O-O 15. h3 Nbd7 16. g4 Ne5 17. f4 Nc6
18. f5 Rc8 19. Nf4 Nd7 20. g5 Nb4 21. Nce2 Nc5 22. Rc4 a5 23. Ng3 Be5 24. Qg4
Nxb3 25. fxg6 Rxc4 26. gxh7+ Kh8 27. g6 Nc2 28. Nf5 Bg7 29. gxf7 Rxf7 30. Qh5
Rf6 31. Ng6+ Rxg6+ 32. Qxg6 Qf8 33. Bh6 {
1-0 Morozevich,A-Topalov,V/Pamplona 1995/TUR 95 (33)}) 6. d3 6... Nc6 $146 (
6... g6 7. Nc3 Bg7 8. O-O Nc6 9. Re1 (9. h3 O-O 10. Be3 e5 11. a3 Nd4 12. b4 b6
13. Nd2 Nh5 14. Bxd4 cxd4 15. Nd5 Nf6 16. a4 Rfc8 17. b5 Nxd5 18. cxd5 f5 19.
f3 Rc5 20. Nc4 20... Rf8 {
1/2-1/2 Garcia Luque,A-Rodriguez Talavera,J/San Roque 1996/CBM 57 (20)}) 9...
O-O 10. a3 Ne8 11. Be3 f5 12. exf5 Rxf5 13. Rb1 Nc7 14. Ne4 Ne6 15. Ng3 Rf7 16.
Ng5 Nxg5 17. Bxg5 Raf8 18. Be3 Bd4 19. f3 Bxe3+ 20. Rxe3 Nd4 21. b4 21... b6 {
1/2-1/2 Steglich,W-Dorawa,B/Bad Woerishofen 1992/EXT 92ch (21)}) (6... e6 7.
O-O Be7 8. Nc3 O-O 9. Ne1 a6 10. f4 Nc6 11. Kh1 Rab8 12. a4 Ne8 13. Nf3 Nc7 14.
d4 cxd4 15. Nxd4 {1/2-1/2 Campora,D-Gruenberg,H/Moscow-A 1989/CBM 14 (15)}) 7.
Nc3 g6 8. Bg5 Bg7 9. O-O O-O 10. Nd5 Ne8 11. Qa4 f6 12. Bh4 Nc7 13. Qb3 Ne6 14.
Qb5 Rfd8 15. Rae1 Ncd4 16. Nxd4 Nxd4 17. Qxd7 Rxd7 18. f3 Kf7 19. Bf2 f5 20.
Nf4 Nc6 21. exf5 gxf5 22. b3 Be5 23. Ne2 Rb8 24. f4 Bf6 25. Rd1 b5 26. Rfe1
bxc4 27. dxc4 Rb4 28. Bxc5 Rbb7 29. Bf2 a5 30. Be3 a4 31. bxa4 Rb4 32. c5 Rxa4
33. Nc1 Bb2 34. Re2 Bxc1 35. Rxc1 d5 36. Rb2 d4 37. Bd2 Rda7 38. Rcc2 Ke6 39.
Be1 Kd5 40. Kf1 d3 41. Rd2 Rxf4+ 42. Bf2 Ra3 43. Rb3 Rxb3 44. axb3 Nb4 45. g3
Rg4 46. h3 Re4 47. Kg2 e5 48. Kf3 h5 49. Be3 49... Rxe3+ $11 (49... Ke6 50. Bf2
$15) 50. Kxe3 50... Kxc5 $4 $18 (50... e4 $11 $142 {haette die Partie gerettet}
) 51. Rf2 f4+ 52. gxf4 exf4+ 53. Kd2 $1 {logisch und kraftvoll} 53... Kd4 (
53... Nd5 54. Kxd3 54... Kb4 $18) 1-0

[Event "ICS rated blitz match"]
[Site "204.178.125.65"]
[Date "1999.11.16"]
[Round "?"]
[White "Frankly2"]
[Black "Hossa"]
[Result "1-0"]
[WhiteElo "2633"]
[BlackElo "2502"]
[PlyCount "129"]
[EventDate "1999.??.??"]

1. d4 Nf6 2. c4 g6 3. Nc3 d5 4. cxd5 Nxd5 5. e4 Nxc3 6. bxc3 Bg7 7. Bc4 c5 8.
Ne2 O-O 9. O-O Nc6 10. Be3 cxd4 11. cxd4 Bd7 12. Rc1 Rc8 13. Qd2 Bg4 14. f3 Bd7
15. d5 Ne5 16. Bb3 Ra8 17. f4 Ng4 18. Bd4 Bb5 19. Bxg7 Kxg7 20. Rf3 Bxe2 21.
Qxe2 Kh8 22. Qb2+ Kg8 23. Ba4 Nf6 24. Rc4 Rb8 25. Bc2 Rc8 26. Rxc8 Qxc8 27. Qc3
b6 28. a4 Rd8 29. Qc6 Qg4 30. f5 Nxe4 31. Qc7 Rxd5 32. fxg6 hxg6 33. Qc6 Rd8
34. Bxe4 Kg7 35. Qc3+ f6 36. Qe1 Qh5 37. Bf5 Kf8 38. Bc2 Rc8 39. Qe4 f5 40. Bb3
Qh8 41. Rf1 Rd8 42. Qe6 Qh7 43. g4 Ke8 44. gxf5 gxf5 45. Bc4 a6 46. Bxa6 Rd6
47. Qc8+ Kf7 48. Rxf5+ Kg6 49. Rf4 Qh5 50. Bd3+ Rxd3 51. Qe6+ Kg7 52. Qxe7+ Kh6
53. Rf6+ Qg6+ 54. Rxg6+ Kxg6 55. Qe4+ Kg5 56. Qxd3 Kf4 57. Qd4+ Kf5 58. Kf2 Ke6
59. Qxb6+ Ke5 60. a5 Kd5 61. a6 Ke4 62. a7 Kf5 63. a8=Q Kg5 64. Qe4 Kh5 65.
Qbg6# {Hossa checkmated} 1-0

[Event "ICS rated blitz match"]
[Site "204.178.125.65"]
[Date "1999.11.16"]
[Round "?"]
[White "Hossa"]
[Black "DanL"]
[Result "1-0"]
[WhiteElo "2492"]
[BlackElo "2182"]
[PlyCount "35"]
[EventDate "1999.??.??"]

1. e4 e5 2. Nf3 Nc6 3. Bb5 g6 4. O-O Bg7 5. d3 Nge7 6. Nc3 O-O 7. Bg5 h6 8. Be3
d6 9. Qd2 Kh7 10. d4 f5 11. dxe5 Nxe5 12. Nxe5 dxe5 13. Qe2 f4 14. Rad1 fxe3
15. Rxd8 Rxd8 16. Qxe3 c6 17. Bc4 b5 18. Bb3 {DanL resigns} 1-0

[Event "ICS rated blitz match"]
[Site "204.178.125.65"]
[Date "1999.11.17"]
[Round "?"]
[White "Hossa"]
[Black "mkarp"]
[Result "1-0"]
[WhiteElo "2497"]
[BlackElo "2190"]
[PlyCount "53"]
[EventDate "1999.??.??"]

1. e4 c5 2. Nf3 d6 3. Bb5+ Bd7 4. Bxd7+ Qxd7 5. c4 Nc6 6. d4 cxd4 7. Nxd4 g6 8.
Be3 Bg7 9. O-O Nf6 10. Nc3 O-O 11. Nxc6 Qxc6 12. Qd3 Ng4 13. Nd5 Rfe8 14. Bd4
Ne5 15. Bxe5 Bxe5 16. Rab1 Rac8 17. b3 a6 18. Rfd1 b5 19. Rbc1 Qb7 20. cxb5
axb5 21. a4 bxa4 22. bxa4 e6 23. Rb1 Qa7 24. Nb6 Rc3 25. Qb5 Rd8 26. Rbc1 Rc2
27. Rxc2 {mkarp resigns} 1-0

[Event "ICS rated blitz match"]
[Site "204.178.125.65"]
[Date "1999.11.17"]
[Round "?"]
[White "mkarp"]
[Black "Hossa"]
[Result "0-1"]
[WhiteElo "2185"]
[BlackElo "2502"]
[PlyCount "92"]
[EventDate "1999.??.??"]

1. e4 c5 2. Nf3 e6 3. Nc3 a6 4. d4 cxd4 5. Nxd4 Nc6 6. Nxc6 bxc6 7. Bd3 d5 8.
O-O Bd6 9. f4 Bc5+ 10. Kh1 Ne7 11. f5 exf5 12. exf5 Bd4 13. Qg4 c5 14. Bg5 h5
15. Qf3 f6 16. Bf4 Bxc3 17. bxc3 Bxf5 18. Bxf5 Nxf5 19. Rae1+ Kf7 20. Bg5 g6
21. Be3 Rc8 22. Rd1 Nxe3 23. Qxe3 h4 24. Qf3 Rh5 25. Qe2 Qd6 26. Rde1 h3 27.
gxh3 Rch8 28. Rf3 Rxh3 29. Rxh3 Rxh3 30. Qe8+ Kg7 31. Re7+ Kh6 32. Qh8+ Kg5 33.
Qxh3 Qxe7 34. Qg3+ Kh6 35. Qf2 Kg7 36. h4 Qe4+ 37. Kh2 f5 38. a3 Qe5+ 39. Kg2
Qxc3 40. Qe2 Kh6 41. Qf2 Kh5 42. Qf4 Qxc2+ 43. Kh3 Qd3+ 44. Kh2 Qe2+ 45. Kh1
Qe4+ 46. Qxe4 46... fxe4 {mkarp resigns} 0-1

[Event "ICS rated blitz match"]
[Site "204.178.125.65"]
[Date "1999.11.17"]
[Round "?"]
[White "Hossa"]
[Black "mkarp"]
[Result "0-1"]
[WhiteElo "2506"]
[BlackElo "2181"]
[PlyCount "126"]
[EventDate "1999.??.??"]

1. e4 c5 2. Nf3 d6 3. Bb5+ Bd7 4. Bxd7+ Qxd7 5. c4 Nc6 6. d4 cxd4 7. Nxd4 Nf6
8. Nc3 e6 9. Be3 Be7 10. O-O O-O 11. Bg5 h6 12. Bxf6 Bxf6 13. Ndb5 Rfd8 14. Rc1
a6 15. Na3 Rac8 16. Qd2 Qc7 17. Rfd1 Qa5 18. Nab1 Qb4 19. b3 b5 20. cxb5 axb5
21. Qd3 Nd4 22. Qe3 Rc6 23. Kh1 Rdc8 24. a3 Qxb3 25. Rxd4 Bxd4 26. Qxd4 Qb2 27.
Rf1 Rxc3 28. Nxc3 Rxc3 29. Qxd6 Rxa3 30. Qd8+ Kh7 31. Kg1 Ra1 32. Qd3 Rxf1+ 33.
Kxf1 e5 34. Qd5 f6 35. Qb7 Qc1+ 36. Ke2 Qc4+ 37. Ke3 b4 38. Qd5 Qc3+ 39. Qd3
Qc1+ 40. Ke2 Qa3 41. Qd7 Qa2+ 42. Kf3 Qb3+ 43. Ke2 Qc4+ 44. Qd3 Qa2+ 45. Kf3 b3
46. Qd7 Qc2 47. Kg3 b2 48. f3 b1=Q 49. Kh3 Qb8 50. Qf5+ Kh8 51. Qh5 Qbc8+ 52.
Kg3 Qd2 53. Qf5 Qf4+ 54. Qxf4 exf4+ 55. Kxf4 Qc7+ 56. Ke3 Qxh2 57. Kf2 Kg8 58.
Kf1 Kf7 59. g4 Ke6 60. Ke1 Ke5 61. Kd1 Kd4 62. Ke1 Ke3 63. g5 63... Qe2# {
Hossa checkmated} 0-1

[Event "ICS Rated standard match"]
[Site "204.178.125.65"]
[Date "1999.11.17"]
[Round "?"]
[White "Hossa"]
[Black "Moron"]
[Result "0-1"]
[WhiteElo "2259"]
[BlackElo "2537"]
[PlyCount "154"]
[EventDate "1999.??.??"]

1. e4 e5 2. Nf3 Nc6 3. Bb5 a6 4. Ba4 Nf6 5. O-O Be7 6. Re1 b5 7. Bb3 d6 8. c3
O-O 9. h3 Na5 10. Bc2 c5 11. d4 Qc7 12. Nbd2 Nc6 13. d5 Na5 14. b3 Bd7 15. Bb2
Nb7 16. Bd3 g6 17. Qe2 Nh5 18. Qe3 Nf4 19. Bc2 Rfe8 20. c4 Bf8 21. Kh1 Bg7 22.
a4 bxa4 23. bxa4 Na5 24. Rab1 Rab8 25. Bc3 Bf6 26. Kg1 h6 27. Red1 Rf8 28. Rxb8
Rxb8 29. g3 Nxh3+ 30. Kg2 Ng5 31. Rh1 Nxf3 32. Nxf3 h5 33. Qd3 Bd8 34. Rh2 Be7
35. Rh1 Bf6 36. Rh2 Bc8 37. Rh1 Bd8 38. Bd2 Bd7 39. Bh6 Rb7 40. Bd1 Qb8 41. Nd2
Rb4 42. f4 Kh7 43. Bf8 Rb2 44. Bc2 Bf6 45. fxe5 Bxe5 46. Be7 Bxa4 47. Bxa4 Nxc4
48. Bg5 Nxd2 49. Bxd2 Qb4 50. Bc2 c4 51. Qe2 Rxc2 52. Bxb4 Rxe2+ 53. Kf3 Rb2
54. Be1 Rb1 55. Kg2 Ra1 56. g4 c3 57. gxh5 c2 58. hxg6+ Kxg6 59. Bd2 Rxh1 60.
Kxh1 Bf6 61. Bc1 a5 62. Ba3 a4 63. Kh2 Bg5 64. e5 c1=Q 65. Bxc1 Bxc1 66. Kg2
dxe5 67. Kf3 a3 68. Ke4 a2 69. d6 a1=Q 70. Kd5 Qd4+ 71. Kc6 Be3 72. d7 Qc5+ 73.
Kb7 Qb6+ 74. Kc8 Qc6+ 75. Kd8 Bg5+ 76. Ke8 Qa8+ 77. d8=Q 77... Qxd8# {
Hossa checkmated} 0-1

[Event "ICS rated blitz match"]
[Site "204.178.125.65"]
[Date "1999.11.17"]
[Round "?"]
[White "speedythought"]
[Black "Hossa"]
[Result "1-0"]
[WhiteElo "2245"]
[BlackElo "2478"]
[PlyCount "131"]
[EventDate "1999.??.??"]

1. e4 e5 2. Nf3 Nc6 3. Bc4 Bc5 4. c3 Nf6 5. d4 exd4 6. cxd4 Bb4+ 7. Nc3 Nxe4 8.
O-O Bxc3 9. d5 Bf6 10. Re1 Ne7 11. Rxe4 O-O 12. d6 cxd6 13. Qxd6 Nf5 14. Qd3 d6
15. Bf4 Bxb2 16. Rd1 Bf6 17. Bb3 Be7 18. g4 g5 19. Bc1 Nh4 20. Nxh4 gxh4 21.
Bc2 f5 22. Bb3+ Kg7 23. Rxe7+ Qxe7 24. Bb2+ Kh6 25. Qxd6+ Qxd6 26. Rxd6+ Kg5
27. Bg7 fxg4 28. Bxf8 Kf4 29. Rd8 a6 30. Be6 Bxe6 31. Rxa8 Bxa2 32. Bd6+ Kf5
33. Rh8 Kg6 34. Bc7 Bd5 35. Bb6 Kg7 36. Bd4+ Kg6 37. Rd8 Be4 38. Bb6 h5 39. Kf1
Bf3 40. Ke1 Kh7 41. Kd2 Kg7 42. Ke3 Kg6 43. Kf4 Kf6 44. Rd6+ Ke7 45. Rh6 Kd7
46. Rxh5 h3 47. Rh6 Be2 48. Kg3 Bd1 49. Kf4 Be2 50. Ke5 Bf3 51. Rd6+ Ke7 52.
Bc5 Ke8 53. Ke6 Be2 54. Bb6 Kf8 55. Kf6 Kg8 56. Kg6 Kf8 57. Kf6 Kg8 58. Rd8+
Kh7 59. Bd4 Bc4 60. Bc3 b5 61. Kg5 Bg8 62. Rd7+ Bf7 63. Rxf7+ Kg8 64. Kg6 a5
65. Bg7 a4 66. Rf8# {Hossa checkmated} 1-0